000 00581nam a22001697a 4500
005 20251108173552.0
008 250721s2002 xx 000 0 ara d
082 1 4 _a956.402/إسم
100 1 _aإسماعيل، محمد الحسيني
_eمؤلف
245 1 0 _aبنو إسرائيل القصة الكاملة ( من التاريخ القديم .. و حتى الوقت الحاضر ) /
264 1 _aالقاهره :
_bمكتبة وهبة،
_c2002.
300 _a356ص
650 1 7 _aتاريخ فلسطين
650 1 7 _aاسراايل
942 _2ddc
_cBK
999 _c107028
_d107028